000 00211nam a22000857a 4500
008 160811b xxu||||| |||| 00| 0 eng d
100 _9123
_aGoscinny R
245 _aThe Banquet
260 _aUSA
_bOrion publication
_c2004
999 _c2778
_d2778